| 000 | 01039nam a2200313 a 4500 | ||
|---|---|---|---|
| 001 | 000007061 | ||
| 003 | DO-SdBNP | ||
| 005 | 20251120101957.0 | ||
| 007 | ta | ||
| 008 | 090904s1973 dr 000 0 spa d | ||
| 040 |
_aDO-SdBNP _bspa _cBNPHU |
||
| 041 | _hspa | ||
| 082 | 4 |
_a347.729306 _bH519g, 1973 _222 |
|
| 100 | 1 |
_aHenríquez Castillo, Luis _919632 |
|
| 245 | 1 | 0 |
_aGuía de la prueba civil y comercial / _cLuis Henriquez Castillo. |
| 264 |
_aSanto Domingo : _bEditora del Caribe, _c1958. |
||
| 300 |
_a338 páginas ; _c22 cm. |
||
| 336 |
_atexto _btxt _2rdacontent |
||
| 337 |
_asin mediación _bn _2rdamedia |
||
| 338 |
_avolumen _bnc _2rdacarrier |
||
| 520 | _aJurisprudencia desde 1958 a 1972. | ||
| 590 | _aInventariado, 2018/LP | ||
| 650 | 0 |
_aPrueba (Derecho) _919633 |
|
| 650 | 4 |
_aDerecho civil _zRepública Dominicana _xHistoria _912432 |
|
| 650 | 4 |
_aDerecho comercial _zRepública Dominicana _xHistoria _919634 |
|
| 650 | 0 |
_aEvidencia (Derecho) _919635 |
|
| 910 | _aValidado. Control de calidad /MAA | ||
| 942 |
_2ddc _cLBS1 |
||
| 999 |
_c55991 _d55991 |
||